Tamadun Islam dan tamadun Asia (TITAS) / (Record no. 2340)

MARC details
000 -LEADER
fixed length control field 00683nam a22002177a 4500
003 - CONTROL NUMBER IDENTIFIER
control field OSt
005 - DATE AND TIME OF LATEST TRANSACTION
control field 20251216103712.0
008 - FIXED-LENGTH DATA ELEMENTS--GENERAL INFORMATION
fixed length control field 161127t xxu||||| |||| 00| 0 eng d
020 ## - INTERNATIONAL STANDARD BOOK NUMBER
International Standard Book Number 9789834715120
040 ## - CATALOGING SOURCE
Transcribing agency MIU
Language of cataloging eng
Modifying agency MIU_ain
-- MILA_ain
050 ## - LIBRARY OF CONGRESS CALL NUMBER
Classification number DS36.86
Item number .A353 2015
100 ## - MAIN ENTRY--PERSONAL NAME
Personal name Ahmad Zaki Abd. Latif
9 (RLIN) 2097
245 ## - TITLE STATEMENT
Title Tamadun Islam dan tamadun Asia (TITAS) /
Statement of responsibility, etc. Ahmad Zaki Abd Latiff, Azam Hamzah, Azhar Mad Aros.
250 ## - EDITION STATEMENT
Edition statement 3rd ed.
260 ## - PUBLICATION, DISTRIBUTION, ETC.
Place of publication, distribution, etc. Shah Alam, Selangor:
Name of publisher, distributor, etc. Oxford Fajar Sdn Bhd,
Date of publication, distribution, etc. 2015.
300 ## - PHYSICAL DESCRIPTION
Extent vi, 90 p. :
Dimensions 24 cm.
650 ## - SUBJECT ADDED ENTRY--TOPICAL TERM
Topical term or geographic name entry element Civilization, Islamic
9 (RLIN) 2098
700 ## - ADDED ENTRY--PERSONAL NAME
Personal name Azam Hamzah
9 (RLIN) 2099
700 ## - ADDED ENTRY--PERSONAL NAME
Personal name Azhar Mad Aros
9 (RLIN) 2100
942 ## - ADDED ENTRY ELEMENTS (KOHA)
Source of classification or shelving scheme Library of Congress Classification
Koha item type Book
Holdings
Withdrawn status Lost status Source of classification or shelving scheme Damaged status Not for loan Home library Current library Shelving location Date acquired Source of acquisition Cost, normal purchase price Total Checkouts Full call number Barcode Date last seen Date last checked out Cost, replacement price Price effective from Koha item type
    Library of Congress Classification     MILA University Central Library MILA University Central Library General Stacks 09/01/2023 Global Books Frontier Sdn Bhd 59.90 1 DS36.86 .A353 2015 0003251 05/10/2022 27/09/2022 59.90 09/01/2023 Book
    Library of Congress Classification     MILA University Central Library MILA University Central Library General Stacks 11/12/2025       DS36.86 .A353 2015 c.2 0003580 16/12/2025     11/12/2025 Book
   
  Powered by CD Solutions Sdn Bhd